000 00691cab a2200241 4500
001 ABS42764
008 090401t1990 xxu||||| |||| 00| 0 eng d
035 _a(Sirsi) u38743
041 _aeng
100 _aSheehan, A.
245 _aConversion goals
260 _c1990
350 _a0
490 _aBuilding Today
_v199(5855) 10 May 1990, 20-21(2)
520 _aReports on the current planning conflict between builders and local authorities over the conversion of redundant barns .
650 _aCOUNTRYSIDE
650 _aFARM BUILDINGS
650 _aREDUNDANT BUILDINGS
650 _aRURAL AREAS
690 _aPLANNING LAW AND PRACTICE
942 _n0
948 _c04/03/1997
999 _c24880
_d24880